000 00903nam a22002417a 4500
005 20231221144035.0
010 _aENG-138623 ENG-138697
020 _c1595.00
_a9789390897759
020 _c495.00
_a9789390897704
035 _aEN-122155 EN-122229
037 _bDBAD/PUB
082 _a370.710954
_21
100 _aDash, B.N
_960114
245 _aA New Approach to Teacher and Education in Contemporary India/
_bBy B.N Dash and P.Venkata Chary and Edited By K.Sudhakar Rao
250 _a1
260 _aNew Delhi
_bNeelkamal Publications
_c2022
270 _a4764/1, 23, Ansari Road, Daryaganj
_bNew Delhi
_e110002
_k011-23244237
_k98118-28953
_mneelkamalbooks@gmail.com
300 _axxiv+548p.
_c25cm(hbk)
300 _axxiv+548p.
_c24cm(pbk)
700 _a Chary, P.Venkata
_eAuthor
_960040
700 _aRao, K.Sudhakar
_eEditor
_960115
942 _2ddc
_cEN
_h370.710954
_mDAS
_e1
999 _c199717
_d199717